000 00309nam a22001457a 4500
008 180918b xxu||||| |||| 00| 0 eng d
020 _a9780321701800
041 _aeng
080 _a004
082 _a004
100 _a28
101 _aSHK
245 _aClassroom in a book CS5
_cChun,R
942 _2udc
_cBK
999 _c47886
_d47886